Ethics and professional conduct for surveyors (Record no. 112108)

MARC details
000 -LEADER
fixed length control field 01099cam a22002655a 4500
001 - CONTROL NUMBER
control field E152555
008 - FIXED-LENGTH DATA ELEMENTS--GENERAL INFORMATION
fixed length control field 110328s2011 xxk 000 0 eng u
020 ## - INTERNATIONAL STANDARD BOOK NUMBER
International Standard Book Number 9781842196267
035 ## - SYSTEM CONTROL NUMBER
System control number (Sirsi) u152555
041 ## - LANGUAGE CODE
Language code of text/sound track or separate title eng
050 ## - LIBRARY OF CONGRESS CALL NUMBER
Classification number 333.0062 $2 18
100 ## - MAIN ENTRY--PERSONAL NAME
Personal name Hirst, Christina
245 ## - TITLE STATEMENT
Title Ethics and professional conduct for surveyors
260 ## - PUBLICATION, DISTRIBUTION, ETC.
Place of publication, distribution, etc. Coventry
Name of publisher, distributor, etc. RICS
Date of publication, distribution, etc. 2011
300 ## - PHYSICAL DESCRIPTION
Extent viii, 144p.
Dimensions 21cm.
520 ## - SUMMARY, ETC.
Summary, etc. This book puts the RICS Bye Laws, Regulations and Rules of Conduct into a practical context, concentrating on the areas that commonly arise at disciplinary hearings and explaining how such problems can be avoided. Explains compliance and monitoring procedures and highlights some of the key danger areas. Essential reading for chartered surveyors and employers of chartered surveyors.
520 ## - SUMMARY, ETC.
Summary, etc. Supersedes first edition (ISBN 1842191292)
590 ## - LOCAL NOTE (RLIN)
Local note KA NTK
650 ## - SUBJECT ADDED ENTRY--TOPICAL TERM
Topical term or geographic name entry element RICS REGULATIONS
650 ## - SUBJECT ADDED ENTRY--TOPICAL TERM
Topical term or geographic name entry element RICS RULES OF CONDUCT
651 #4 - SUBJECT ADDED ENTRY--GEOGRAPHIC NAME
Geographic name United Kingdom
Chronological subdivision
690 ## - LOCAL SUBJECT ADDED ENTRY--TOPICAL TERM (OCLC, RLIN)
Topical term or geographic name as entry element MANAGEMENT-BUSINESS MANAGEMENT-PROFESSIONAL PRACTICE
942 ## - ADDED ENTRY ELEMENTS (KOHA)
Suppress in OPAC 0
Holdings
Withdrawn status Lost status Source of classification or shelving scheme Damaged status Not for loan Home library Current library Shelving location Date acquired Total Checkouts Full call number Barcode Date last seen Copy number Price effective from Koha item type Date last checked out
    Dewey Decimal Classification     London London RICS Boxes 28/03/2011   RICS 2011/3 30075637 06/08/2019 1 06/08/2019 Archive  
    Dewey Decimal Classification     London London Books 06/06/2011 2 333.0062 HIR 30075726 06/08/2019 2 06/08/2019 Book 30/08/2017
    Dewey Decimal Classification     London London Books 06/06/2011   333.0062 HIR 30075667 06/08/2019 3 06/08/2019 Book